000 00315nam a22001457a 4500
008 221208b ||||| |||| 00| 0 eng d
020 _a9780071454308
041 _aeng
080 _a32.1
082 _a32.1FIS
100 _a32
101 _aJURE
245 _aFORENSICS DEMYSTIFIED
_cFISHER B
942 _2udc
_cBK
999 _c59144
_d59144